Quizzes
Events
Quiz Creation
Community
Videos
Private Events
Remove Ads
Sign In
Join for FREE
Feedback
Dark Mode
Quiz Categories
Sports
Geography
Music
Movies
Television
Just For Fun
Miscellaneous
History
Literature
Language
Science
Gaming
Entertainment
Religion
Holiday
For Kids
Quiz Lab
Recent
Popular Today
Quiz Kudos Today
Editor Picks
Curator Picks
Quizzes by...
Day
Popularity
Type
Ratings
Length
Year
Community
Subscriptions
Recent Discussions
Orange Saloon
Badges
Playlists
Quests
Create
Leaderboards
Showdown
Live 5
Trivia Bingo
Activity
Puzzle Library
Sporcle Events
Private Events
Virtual Trivia
Globe League
Become a Host
Pub Owners
SporcleCon
Opinionation
Our Games
Videos
Blog
Mobile Apps
Partnerships
Remove Ads and Go Orange
Feedback
Entertainment
Celebrity
Famous
Musical
Broadway
Show
Quote
Comic Books
Anime
Superhero
DC Comics
Marvel
Cartoons
Animation
Entertainment
Celebrity
Famous
Musical
Broadway
Show
Quote
Comic Books
Anime
Superhero
DC Comics
Marvel
Cartoons
Animation
Random Quiz
Search Sporcle
×
Editor Pick
Editor Pick
Entertainment
Sporcle
Type in answers that appear in a list
Type in answers that appear in a list
Classic
Best Score? Go Orange.
Sporcle on Wikipedia Stats
Can you name the words in the opening paragraphs of Sporcle's Wikipedia page?
By
ngbshamrock
6m
130 Questions
889 Plays
889 Plays
889 Plays
Comments
Comments
Give Quiz Kudos
Give Quiz Kudos
-
- Ratings
hide this ad
More Info
Replay
Link that replays current quiz
Next Quiz
Link to next quiz in quiz playlist
You Got
0%
They Got
Avg Score
34%
Avg Friend Score
Upgrade to see
Score Distribution
Jump to the score distribution portion of the page
Score
0/130
Timer
06:00
0
Plays Today
Word
% Correct
Sporcle
93%
is
93%
a
93%
a
93%
a
93%
a
93%
Sporcle
93%
is
93%
a
93%
is
93%
Sporcle's
93%
is
93%
quiz
86%
quiz.
86%
in
84.2%
in
84.2%
in
84.2%
the
80.7%
the
80.7%
the
80.7%
The
80.7%
the
80.7%
the
80.7%
the
80.7%
the
80.7%
The
80.7%
'We
80.7%
website
78.9%
website
78.9%
website
78.9%
website
78.9%
website
77.2%
on
66.7%
and
64.9%
and
64.9%
and
64.9%
and
64.9%
to
63.2%
to
63.2%
to
63.2%
to
63.2%
to
63.2%
to
63.2%
of
61.4%
Word
% Correct
of
61.4%
of
61.4%
trivia
59.6%
trivia
59.6%
users
57.9%
users
57.9%
or
56.1%
by
52.6%
was
50.9%
was
50.9%
was
50.9%
create
47.4%
2007.
47.4%
that
47.4%
site
45.6%
site
45.6%
all
43.9%
for
43.9%
for
43.9%
are
42.1%
which
40.4%
no
40.4%
with
38.6%
from
38.6%
time
35.1%
founded
35.1%
have
33.3%
as
33.3%
account
29.8%
any
29.8%
there
28.1%
able
26.3%
founder
24.6%
word
24.6%
name
22.8%
Matt
22.8%
name
22.8%
mission
22.8%
given
21.1%
USA
21.1%
Ramme,
21.1%
Seattle
21.1%
Ramme's
21.1%
his
21.1%
Word
% Correct
his
21.1%
out
21.1%
our
21.1%
launched
19.3%
oracle.
19.3%
statement
19.3%
set
17.5%
limit
17.5%
According
17.5%
subject,
15.8%
desire
15.8%
learn
15.8%
new
15.8%
prevent
15.8%
July
14%
inspired
14%
Offices
14%
response
14%
existing
14%
search
14%
done
14%
within
12.3%
such
12.3%
Europe.
12.3%
Anybody
12.3%
located
12.3%
San
12.3%
Francisco.
12.3%
needs.
12.3%
actively
12.3%
methodically
12.3%
innovative
12.3%
ways
12.3%
work
12.3%
countries
10.5%
frustration
10.5%
suitable
10.5%
presidents
8.8%
accompanying
8.8%
getting
8.8%
whatsoever.'
8.8%
items
7%
Quiz Playlist
Details
Report
Send in Message
Add To Playlist
More Info:
Statistics are skewed from updating. Answers are current as of February 2016.
Classic:
Type in answers that appear in a list
Quiz Source
Last Updated: Feb 16, 2017
Editor Pick in
Entertainment
Quiz Scoreboard
CHALLENGE
Sign Up to Join the Scoreboard
Show All
Scores
Hide
Comments
May contain spoilers
Recently Published
Popular People in 1961
by mucciniale
History
6m
1-10 Letter E Words III
by El_Dandy
Language
2m
One Thing in Common: World Cities II
by knightlancer
Geography
7m
More to Explore
Quiz From the Vault
Featured Blog Post
Where Did the Easter Bunny Come From?
hide this ad
You Might Also Like...
Tags
Sporcle Quiz
page
Wikipedia
Today's Top Quizzes in Entertainment
Browse Entertainment
hide this ad
Today's Top Quizzes in Sporcle
Browse Sporcle
Top Contributed Quizzes in Entertainment
1
Kamen Rider Motifs
2
Dragon Ball Z: Goku's Fights in Order
3
Dragon Ball Z: Mega Character Search
4
One Piece Arcs By Order III
5
Survivor Winners Logic Quiz
6
Undead Unluck Minefield
7
Who Wants to Be a Millionaire: Anime Edition
8
Naruto Arcs in order
9
Demon Slayer 11-1
10
Criteria Quickie: Cartoon Taxonomy II
Explore More
Trending Topics
NBA
Marvel
Crossword
Kpop
Harry Potter
Anime
Disney
The Office
Soccer
NFL
Song
Puzzle
Pokémon
Country
WWE
hide this ad
More By:
ngbshamrock
Quiz
Plays
Rating
Category
Featured
Created
'Viva La Vida' Lyrics
46,289
4.83
Music
Sep 4, 2010
Eragon Chain
6,752
3.50
Literature
Jan 20, 2011
Portal 2 Quotes by Character
2,401
5.00
Gaming
Aug 22, 2011
Figure Out the Lyrics 1 (Coldplay)
1,623
4.67
Music
May 22, 2011
Figure Out The Lyrics 2 (Coldplay)
1,268
5.00
Music
Jun 17, 2011
Go to Creator's Profile
Score Distribution
Quiz Creator Spotlight
ngbshamrock
Follow
Send a Message
Quizzes Created
-
Created Quiz Play Count
-
More By This Creator
Popular Quizzes Today
1
Find the US States - No Outlines Minefield
2
The Countries of the World
3
Find the Countries of Europe - No Outlines Minefield
4
Popular People in 1961
5
1-10 Letter E Words III
6
Find the US States
7
One Thing in Common: World Cities II
8
US States
More Entertainment Quizzes
Anime by Screenshot at 7:19 in the 4th Episode
Quiz Lab
Trending Quizzes
Risky Map Clicking: Least Populous States A-Z
1-10 Letter F Words
1-10 Letter G Words
One Thing in Common: United Kingdom
Risky Map Clicking: Next State Alphabetically
Recently Updated
Leaping Animals
pecheneg
Reality TV Shows (A-Z)
bhenderson79
Rickey Henderson's Hall of Fame Teammates
pecheneg
Champions League XIs: Arsenal
pecheneg
Quick Pick: Celebrities in WWE's Hall of Fame
aduchscher
A-Z Keypad Blitz II
pecheneg
Multiple Oscar Actors
pecheneg
Mystery Phrase Blitz: Oscar 'Best Actors'
pecheneg
F. Scott Fitzgerald Novels
LTH
Pick 3 Villains
ddd62291
Trending Topics
Crossword
Disney
Marvel
Harry Potter
Kpop
Anime
NBA
The Office
Song
Puzzle
Soccer
WWE
Pokémon
Country
NFL
Your Account Isn't Verified!
In order to create a playlist on Sporcle, you need to verify the email address you used during registration. Go to your
Sporcle Settings
to finish the process.
Report this User
Report this user for behavior that violates our
Community Guidelines
.
Details:
Send Report
Go to the Sporcle.com Mobile Site →
Comments